00395cam a22001097a 4500008004000000082001600040245007300056260005200129300000800181650004700189650004900236180718b1966 xxu||||| |||| 00| 0 eng d aL2x548 C339 aThe New Tax structure - 1965-66cBy The Department of Inland Revenue aColombobThe Department of Inland Revenuec1966 a66p aTaxation - Law and legislation - Sri Lanka aIncome tax - Law and legislation - Sri Lanka